[Event "Tournoi francophone 014 Groupe F"]
[Site "Skype"]
[Date "????.??.??"]
[Round "9.8"]
[White "Blanchard, Colette"]
[Black "Trapletti, Cosetta"]
[Result "0-1"]
[WhiteElo "1000"]
[BlackElo "1026"]
[PlyCount "70"]

1. d4 c6 2. Bf4 d5 3. Nf3 Bf5 4. e3 e6 5. c3 Nd7 6. Bd3 Be7 7. Bxf5 exf5 8.
Nbd2 Ngf6 9. O-O O-O 10. Qc2 Ng4 11. Qxf5 Ndf6 12. Rfe1 Re8 13. h3 Ne4 14. Nxe4
Nf6 15. Nxf6+ Bxf6 16. Ng5 g6 17. Qg4 Qe7 18. Qf3 Kg7 19. e4 Qd7 20. e5 Be7 21.
e6 fxe6 22. Nxe6+ Kg8 23. Nc7 Rf8 24. Nxa8 Rxa8 25. Re5 Rf8 26. Rd1 Bf6 27. Re6
Qxe6 28. g4 g5 29. Bg3 Bg7 30. Qe3 Qf7 31. Rf1 h5 32. Qxg5 Kh8 33. gxh5 Rg8 34.
Kg2 Bf8 35. Qh6+ Bxh6 0-1

[Event "Tournoi francophone 014 Groupe F"]
[Site "Skype"]
[Date "????.??.??"]
[Round "9.9"]
[White "Schnell, Nicolas"]
[Black "Hampton, Irene"]
[Result "1-0"]
[WhiteElo "1099"]
[BlackElo "1000"]
[PlyCount "67"]

1. e4 e5 2. Nf3 Nf6 3. d3 d6 4. Nc3 c6 5. d4 Nbd7 6. Bc4 Qe7 7. Ng5 d5 8. Be2
g6 9. Nf3 Bg7 10. O-O O-O 11. Ng5 h6 12. Nf3 dxe4 13. Nh4 g5 14. Nf5 Qe6 15.
Nxg7 Kxg7 16. f3 g4 17. fxe4 Nh5 18. Qd2 Ndf6 19. Qxh6+ Kg8 20. Rf5 Ng7 21. Rg5
Nfh5 22. Qxh5 Re8 23. Rxg7+ Kf8 24. Qh8+ Ke7 25. Bg5+ Kd6 26. Qh4 g3 27. Qxg3
b6 28. Bg4 f5 29. dxe5+ Qxe5 30. Rg6+ Re6 31. Be7+ Kxe7 32. Qh4+ Kf7 33. Qh7+
Ke8 34. Rg8# 1-0

[Event "Tournoi francophone 014 Groupe F"]
[Site "Skype"]
[Date "????.??.??"]
[Round "9.10"]
[White "Fernandez, Raquel"]
[Black "Tachnakian, Alain"]
[Result "1/2-1/2"]
[WhiteElo "1043"]
[BlackElo "1000"]
[PlyCount "46"]

1. e4 e5 2. Nf3 d6 3. Nc3 Bg4 4. Be2 Bxf3 5. Bxf3 Nc6 6. d3 Nd4 7. Nd5 Nxf3+ 8.
Qxf3 c6 9. Nc3 d5 10. exd5 cxd5 11. Nxd5 Rc8 12. c3 Nf6 13. c4 Nxd5 14. cxd5
Bb4+ 15. Bd2 Bxd2+ 16. Kxd2 Qa5+ 17. Kd1 O-O 18. Rc1 Rxc1+ 19. Kxc1 Rc8+ 20.
Kb1 Rd8 21. Rc1 h6 22. g4 Rxd5 23. Rc8+ Rd8 1/2-1/2